000
00298nam a2200121Ia 4500
008
220204s9999 xx 000 0 und d
082
_a
055
_b
VEL
100
_a
VELIKOVSKV, Immanuel
245
0
_a
Earth in upheaval
260
_a
New York
_b
Pocket Books
_c
1955
650
_a
Earth science
942
_c
BK
999
_c
32118
_d
32118